Lad, a dog : (Record no. 7218)

MARC details
000 -LEADER
fixed length control field 01095nam a22003137a 4500
001 - CONTROL NUMBER
control field 7218
003 - CONTROL NUMBER IDENTIFIER
control field FISKH
005 - DATE AND TIME OF LATEST TRANSACTION
control field 20250703085808.0
008 - FIXED-LENGTH DATA ELEMENTS--GENERAL INFORMATION
fixed length control field 250703b cb ||||| |||| 00| 0 eng d
020 ## - INTERNATIONAL STANDARD BOOK NUMBER
International Standard Book Number 9780590929745
040 ## - CATALOGING SOURCE
Original cataloging agency DLC
Transcribing agency DLC
Modifying agency DLC
Language of cataloging eng
050 ## - LIBRARY OF CONGRESS CALL NUMBER
Classification number PZ10.L967 L
082 ## - DEWEY DECIMAL CLASSIFICATION NUMBER
Classification number 563
100 1# - MAIN ENTRY--PERSONAL NAME
Personal name Lundell, Margo
Dates associated with a name (1942–2020)
245 10 - TITLE STATEMENT
Title Lad, a dog :
Remainder of title Best dog in the world /
Statement of responsibility, etc. Retold by Margo Lundell ; based on the book by Albert Payson Terhune ; illustrated by Don Bolognese.
250 ## - EDITION STATEMENT
Edition statement This edition first published in 1997
260 ## - PUBLICATION, DISTRIBUTION, ETC.
Place of publication, distribution, etc. New York :
Name of publisher, distributor, etc. Scholastic,
Date of publication, distribution, etc. 1997.
300 ## - PHYSICAL DESCRIPTION
Extent 44 unnumbered pages :
Other physical details color illustrations ;
Dimensions 23 cm.
440 #0 - SERIES STATEMENT/ADDED ENTRY--TITLE
Title Hello reader!
Number of part/section of a work Level 4
505 ## - FORMATTED CONTENTS NOTE
Formatted contents note N<br/>
520 ## - SUMMARY, ETC.
Summary, etc. Whisked away from his country estate to compete in a dog show in New York City, Lad is confused and unhappy and wishes only to go home.<br/>
521 0# - TARGET AUDIENCE NOTE
Target audience note 570<br/>
Source Lexile<br/>
521 0# - TARGET AUDIENCE NOTE
Target audience note N<br/>
Source Raz-Plus<br/>
650 #0 - SUBJECT ADDED ENTRY--TOPICAL TERM
Topical term or geographic name entry element Dogs
General subdivision Juvenile fiction.
650 #1 - SUBJECT ADDED ENTRY--TOPICAL TERM
Topical term or geographic name entry element Dogs
General subdivision Fiction.
700 ## - ADDED ENTRY--PERSONAL NAME
Personal name Bolognese, Don
Relator term illustrator
942 ## - ADDED ENTRY ELEMENTS (KOHA)
Source of classification or shelving scheme Dewey Decimal Classification
Koha item type Books
Suppress in OPAC No
Holdings
Withdrawn status Lost status Source of classification or shelving scheme Damaged status Not for loan Collection Home library Current library Shelving location Date acquired Total Checkouts Full call number Barcode Date last seen Copy number Price effective from Koha item type
    Dewey Decimal Classification     Juvenile Fiction Footprints International School Library Network Toul Tom Poung Campus Footprints International School Library Network Toul Tom Poung Campus TTP Primary Yellow Bookshelves 07/03/2025   LUN 563 PZ10.L967 L FISBK02808 07/03/2025 1 07/03/2025 Books